000 00922 a2200205 4500
001 63366
005 20260407155931.0
008 260407a1968 arg spa d
003 AR-UNSa-BCEJYS
040 _aAR-UNSa-BCEJYS
_bspa
_cAR-UNSa-BCEJYS
080 _a519.21
_xTeoría de probabilidades y procesos estocásticos
245 1 0 _aLas estructuras del azar
264 1 _aBarcelona :
_bEdiciones Martínez Roca
_c1968
300 _a190 p.
_c18 cm.
505 _a1. La geometría del azar – 2. ¿Qué es la probabilidad? – 3. Los principios del cálculo de probabilidades – 4. La esperanza matemática – 5. Probabilidades de las causas – 6. Probabilidades continúas – 7. Los problemas sencillos o curiosos – 8. Las aplicaciones utilitarias – 9. Léxico, bibliografía, ilustraciones –
041 _aspa
942 _cBK
590 _aniveau_biblio:m niveau_hierar:0
100 1 _aBoursin, Jean-Louis
999 _c8150
_d8150